000
00277nam a2200109Ia 4500
008
220120s9999||||xx |||||||||||||| ||und||
100
_a
Khurmi, R S
245
0
_a
Machine design
260
_a
erations reaserations rese
_b
New Delhi
_c
2000
300
_b
285
650
_a
MATHEMATICS
999
_c
137240
_d
137240